000 01419cam a2200325 a 4500
999 _c23897
_d23897
001 3057159
003 BDDh-ASL
005 20231015030313.0
008 960129s1995 enkab 001 0beng
010 _a 96107687
020 _a1860640168
040 _aDLC
_cDLC
_dDLC
_dBDDh-ASL
043 _af------
_aa------
_ae-uk---
050 0 0 _aDS32.7.P47
_bA3 1995
082 0 0 _a923.421
_221
_bPHB
100 1 _aPhilips, C. H.
_q(Cyril Henry),
_d1912-2005.
245 1 0 _aBeyond the ivory tower :
_bthe autobiography of Sir Cyril Philips.
260 _aLondon ;
_aNew York :
_bRadcliffe Press ;
_aNew York :
_bIn the United States of America and Canada distributed by St. Martin's Press,
_c1995.
300 _axii, 292 p. :
_bill., maps ;
_c23 cm.
500 _aIncludes index.
600 1 0 _aPhilips, C. H.
_q(Cyril Henry),
_d1912-2005.
650 0 _aAsianists
_zGreat Britain
_vBiography.
650 0 _aAfricanists
_zGreat Britain
_vBiography.
650 0 _aEducators
_zGreat Britain
_vBiography.
856 4 2 _3Publisher description
_uhttp://www.loc.gov/catdir/enhancements/fy0803/96107687-d.html
856 4 1 _3Table of contents only
_uhttp://www.loc.gov/catdir/enhancements/fy0803/96107687-t.html
906 _a7
_bcbc
_corignew
_d2
_encip
_f19
_gy-gencatlg
942 _2ddc
_cBK